000 00837cad a22002415a 4500
001 E151886
008 101216s2010 xxk f 100 0 eng d
020 _a9781842196199
035 _a(Sirsi) u151886
041 0 _aeng
100 1 _aOstrowski, Sean
111 2 _aConstruction and Building Research Conference
_cDauphine Universite, Paris
_d2-3 September 2010
245 0 0 _aPedagogical difficulties with measurement in quantity surveying
260 _aLondon
_bRICS
_c2010
520 _aA paper presented at the COBRA Conference in Paris on 2-3 September 2010.
520 _aNo copy available in RICS library
590 _aKA
650 2 4 _aCONSTRUCTION AND BUILDING RESEARCH CONFERENCE (COBRA)
651 4 _aUnited Kingdom
690 _aQuantity surveying
_96263
942 _n0
_2ddc
999 _c111705
_d111705
856 _zBroken link - not available